| 000 | 00487nam a22001457a 4500 | ||
|---|---|---|---|
| 999 |
_c535761 _d535761 |
||
| 082 | _a611 | ||
| 100 | _aAnwar, Noreen | ||
| 245 |
_aEffect of Nigella Sativa in Letrozole Induced Polycystic Ovarian Syndrome in Mice / _cNoreen Anwar. |
||
| 260 |
_aIslamabad : _bAMC - NUST, _c2015. |
||
| 300 |
_a113 p. : ill. ; _c30cm. |
||
| 942 |
_2ddc _cTHE |
||
| 650 |
_aAnatomy - M Phil Theses. _930547 |
||
| 700 |
_aSup Dr Shabnam Hamid. _930572 |
||